000 00435nam 22001693 4500
001 32633
090 _a32633
100 _a20260325d u||y0pory50 ba
101 _aeng
200 _aObserver's Handbook
_fMeteorological Office
205 _a
210 _aLondon
_cHer Majesty's Office
_d1956
215 _a221 p.
_d24 cm
317 _5Serviço Meteorológico Nacional
606 _xMétodos de Observação
_923850
801 _gISBD
942 _n0